00851nam a22002535a 450000500170000000800410001701000140005802000260007202000230009803500130012103700130013404000080014708200140015510000090016924500660017825000060024426000400025027000690029030000270035970000220038694200280040899900170043695201440045320080522115808.0080520s2008 nyu 000 0 eng  aENG-97376 a9788178791319c195.00 a8178791315c195.00 aEN-80909 bDBAD/PUB aDPL a795.32364 92856 aBasketball rule book 2009 / cedited & complied by Anoop Jain a. aNew DelhibSports Publicationc2009 a7/26, Ground Floor, Ansari Road, Darya Ganj, bNew Delhie110002 a112p.b22cm. (Hb)cill 92934aJain, Anoop 2ddccENmBASh796.32364 c38380d38380 00102ddc40718NFICaDBADbDBADd2010-07-31eDBAD/PUBg195.00l0o796.32364 BASpEN-80909r2010-07-31 00:00:00t1v195.00w2010-07-31yEN